zpět

Detail výsledku týmu

Music Bar Forea, Lanškroun

Datum a čas kvízu

20.5 Celkem bodů Celkový počet nahraných bodů na tomto kvízu bez doplňovacích otázek.
10. Pořadí na kvízu Konečné umístění týmu na tomto kvízu.

Zaznamenané odpovědi

# Otázka Odpověď Body Výsledky
1. Minulý týden ve čtvrtek dorazi... FBI 1
2. Letadlo ruského ministra zahra... v Brazílii 1
3. Letošní vyhlášení tuzemských k... Muriel 0
4. Japonští vědci minulý týden oz... ze dřeva 0
5. 34letý trojnásobný mistr světa... Peter Sagan 1
6. Součástí televizního programu... Hodina pravdy 0
7. Milovníkům AZ-kvízu či zábavný... pěstební dělnice 0
8. Mezi lety 1996 až 2006 vysílal... Videostop 0
9. V dnešní době je velmi populár... jednou 1
10. Kdo z uvedených nikdy nemodero... D 1